Volt egyszer egy Jugoszlávia
Elmentve itt :
| Szerző: | |
|---|---|
| Adatforrás: | Meister |
| Forrásdokumentuma: | A Hét. - 18 ; 19 sz., 1993, 3 p. |
| Nyelv: | magyar |
| Kulcsszavak: | politikai publicisztika jugoszláv válság Jugoszlávia VÉGEL László FEJTŐ Ferenc ANDRIC Ivo TITO Joszip Broz |
| LEADER | 00521nab a2200193 i 4500 | ||
|---|---|---|---|
| 001 | bibPRO00000020 | ||
| 008 | 060524s1993 xx hun | ||
| 040 | |a Sz1 | ||
| 041 | |a hun | ||
| 100 | 1 | |a BOGDÁN László | |
| 245 | 1 | 0 | |a Volt egyszer egy Jugoszlávia |c BOGDÁN László |
| 695 | |a politikai publicisztika | ||
| 695 | |a jugoszláv válság | ||
| 695 | |a Jugoszlávia | ||
| 695 | |a VÉGEL László | ||
| 695 | |a FEJTŐ Ferenc | ||
| 695 | |a ANDRIC Ivo | ||
| 695 | |a TITO Joszip Broz | ||
| 773 | 0 | |t A Hét. - |g 18 ; 19 sz., 1993, 3 p. | |